|
|
|
|
| LEADER |
00000cam a2200000 a 4500 |
| 001 |
UCD1472 |
| 003 |
CL-VaPUC |
| 008 |
160310e20130000gw |||||||||||||||||ger|d |
| 020 |
|
|
|a 9783866532458
|
| 082 |
0 |
4 |
|a 341.75
|b GEB
|2 21
|
| 100 |
0 |
|
|a Gebauer, Martin
|e author
|9 584559
|
| 245 |
1 |
0 |
|a Gemeinsames-Europaisches Kaufrecht-Anwendungsbereich und kollisionsrechtliche Einbettung
|
| 250 |
|
|
|a 1a. ed
|
| 300 |
|
|
|a 224 p
|
| 942 |
|
|
|c BK
|
| 945 |
|
|
|d 20160310 23:10:00
|a dcastane
|
| 260 |
|
|
|a Múnich
|b SELP
|c 2013
|
| 650 |
|
0 |
|a Derecho económico internacional
|9 256191
|
| 650 |
|
0 |
|a Derecho europeo
|9 391498
|
| 650 |
|
0 |
|a Compraventa
|9 255413
|
| 583 |
|
|
|a last modification
|c 20160310 23:10:00
|k Rodrigo Vera
|
| 999 |
|
|
|c 362777
|d 362775
|
| 952 |
|
|
|0 0
|1 0
|3 erb
|4 0
|6 341_750000000000000_GEB_2013
|7 0
|8 A
|9 474258
|a BIBDER
|b BIBDER
|i 5266122
|o 341.75 GEB 2013
|p 5266122
|r 2023-01-25
|w 2019-11-24
|y BK
|z Catalogado en:20160310
|k DER
|
| 952 |
|
|
|0 0
|1 0
|3 erb
|4 0
|6 341_750000000000000_GEB_2013
|7 0
|8 A
|9 474259
|a BIBDER
|b BIBDER
|i 5266130
|o 341.75 GEB 2013
|p 5266130
|r 2023-01-25
|w 2019-11-24
|y BK
|z Catalogado en:20160310
|k DER
|